01312nam a2200241Ia 4500001000600000003000900006008004100015040001300056040001300069041001300082100002600095100002900121245005600150245005600206250001100262260001100273260002300284260004900307300005900356500058200415650004200997650003101039D5736IT-RoPAU130308s9999 xx 000 0 und d aIT-RoPAU cIT-RoPAU aITALIANO aScarvaglieri Giuseppe gCodice Aut. SPICS: 1526 aStudio della situazione socio-culturale e religiosa bMissione al Popolo e la Comunita' Parrocchiale (La) a1a ed. aFOGGIA bIncontro Alla Luce c1995 [1° Ed.:1995 - Ed.Ling.Originale:1995] a"59 p. (prefazione: no ; testo: 59 [pagine: 263-321])" aStudio del Territorio: Significato ed Implicazioni: Conoscenza dell'Ambiente, Tratti e Atteggiamenti Socio Religiosi. Un Esempio Concreto: Autocomprensione Socio Religiosa e rinnovamento Ecclesiale, Componenti della Situazione Socio Religiosa: Riflessioni su fede e Religione, Concezione della Religione, Concezione di Dio e Divinità di Cristo, Rapporto tra fede e Vita, Concetto di Peccato, Famiglia e Socializzazione Religiosa, Pratica Religiosa,Partecipazione Alla messa comunione e Confessione, Aspetto Comunitario, Concezione della Vita Cristiana, Funzioni della Chiesa. aSAGGI PASTORALE COMUNICAZIONE SOCIALE eCodice materia Spics: 9311